Statystyki dla Miasta w województwie świętokrzyskim

Kliknij tutaj aby rozwiązać quiz!

Ogólne statystyki

  • Ten quiz został rozwiązany 2 290 razy
  • Średni wynik to 17 z 33

Statystyki odpowiedzi

MiastoLiczba ludności% Poprawnych
Kielce199 475
100%
Ostrowiec Świętokrzyski72 001
88%
Sandomierz24 457
85%
Skarżysko-Kamienna47 354
82%
Starachowice50 982
81%
Busko-Zdrój16 598
77%
Jędrzejów15 758
74%
Końskie20 149
74%
Opatów6 710
72%
Włoszczowa10 519
67%
Staszów15 338
66%
Pińczów11 217
65%
Chęciny4 428
53%
Kazimierza Wielka5 731
53%
Chmielnik3 906
42%
Małogoszcz3 901
42%
Połaniec8 321
42%
Suchedniów8 695
40%
Ćmielów3 142
39%
Ożarów4 709
39%
Wąchock2 855
38%
Sędziszów6 690
37%
Bodzentyn2 267
36%
Daleszyce2 914
36%
Morawica1 723
36%
Stąporków5 975
33%
Kunów3 095
28%
Osiek2 006
28%
Zawichost1 805
28%
Skalbmierz1 304
27%
Działoszyce970
26%
Stopnica1 455
26%
Koprzywnica2 562
23%

Rozkład punktacji

Percentyl według liczby udzielonych odpowiedzi

Procent ludzi z każdym wynikiem

Twoja historia wyników

Nie rozwiązałeś tego quizu